000 00399nam a2200169Ia 4500
008 230524s9999 xx 000 0 und d
020 _a0072322063
082 _a5.74
_bKRI
100 _aRaghu Rama Krishan
245 0 _aDatabase Management Systems
250 _a2ND
260 _aNEW DELHI
_bTMH
_c2000
300 _aXXIX;906
500 _aQuantity Number: 2
650 _aComp-Sc
942 _cBK
999 _c7011
_d7011